|
|
|
|
| LEADER |
00000csc a2200000 a 4500 |
| 001 |
27424-1 |
| 005 |
20240112082016.0 |
| 008 |
004061|2003 ||||||||r|||||||||||spa|| |
| 020 |
|
|
|a 9701044444
|
| 040 |
|
|
|b spa
|
| 041 |
1 |
|
|a spa
|
| 082 |
0 |
|
|a 618
|
| 245 |
|
|
|a Endometriosis
|c Aydin Arici, director
|h imp
|n 1/4
|
| 264 |
|
|
|a Mexico
|b McGraw-Hill Interamericana
|c 2003
|
| 300 |
|
|
|a XXII, pp 1-243
|b ilu
|
| 300 |
|
|
|c 22x16 cm
|
| 504 |
|
|
|a incl. ref.
|
| 650 |
1 |
7 |
|a Endometriosis
|9 84501
|
| 650 |
|
|
|a Adenomiosis
|9 94886
|
| 650 |
|
|
|a Iconografía
|
| 650 |
|
|
|a Fecundidad
|9 15505
|
| 700 |
|
|
|a Arici, Aydin
|e director
|9 301062
|
| 700 |
|
|
|a García Roig, Félix
|e traducción
|9 84429
|
| 773 |
|
|
|t Clinicas de Ginecología y Obstetricia Temas Actuales volumen 1/4 2003
|
| 852 |
|
|
|a UC-SALUD
|c ESTANTERIA ABIERTA
|f Compra
|k teresa.bermeoh
|l 1
|m General
|p 20040618/20121206
|q $ 45.25
|t 27424-1
|b 0
|d CDRS
|e CDRS
|g 618 ESTANTERIA ABIERTA
|z 2004-40-61
|
| 942 |
|
|
|
| 999 |
|
|
|c 129462
|d 129462
|